000 00555nam a2200169Ia 4500
008 240729s9999 xx 000 0 und d
022 _a2468-6050
245 0 _aInternational Journal of Advanced Nuclear Reactor Design and Technology
260 _aChina
260 _bKeAi Communications Co., Ltd.
650 _a Electrical engineering. Electronics. Nuclear engineering
650 _a Nuclear engineering. Atomic power
650 _aTechnology
856 _uhttps://doaj.org/toc/1b18d5b4e726499b99cc0aa32cda4687
942 _2ddc
942 _cDOAJEJ
999 _c67639
_d67639
945 _a1
_bMadushi Gamage
_c1
_dMadushi Gamage